| 000 | 00746nam a2200217Ia 4500 | ||
|---|---|---|---|
| 001 | 9980 | ||
| 003 | GE_BSU | ||
| 008 | 181216s||||||||xx |||||||||||||| ||und|| | ||
| 020 | _a9789941444104 | ||
| 040 | _cGE_BSU | ||
| 080 | _a910.4(470)+32(47)+908(470)+323.12(=91.71) | ||
| 100 | _aКашия,Джанри | ||
| 245 | _aДвери:путешествие наивного и руссофоба в Россию | ||
| 245 | _cРед.Г. Леквеишвиши | ||
| 260 | _aТбилиси | ||
| 260 | _bГрузисчкий биографический центр | ||
| 260 | _c2013 | ||
| 300 | _a336стр.фото.20см. | ||
| 653 | _aДвери:путешествие наивного и руссофоба в Россию | ||
| 942 | _cBK | ||
| 999 |
_c43253 _d43253 |
||